000 00927nam a2200289 a 4500
001 000107850
003 CHAP
005 20220329143946.0
008 131111s2012 mx a |r| ||||||spa d
010 _a104312
011 _a105284
020 _a9786077637684
040 _cCHAP
082 0 4 _a635.09726
_bH87
245 0 3 _aEl huerto familiar en el sureste de México /
_cpor Ramón Mariaca Méndez.
260 _aMéxico, D.F. :
_bSecretaría de Recursos Naturales y Protección Ambiental del Estado de Tabasco
_bEl Colegio de la Frontera Sur,
_c2012.
300 _a544 p. :
_bil.
590 _aE11695DGD
_b10
_c20131113
_lUCH01
_h1101
590 _aE5765TAJ
_b05
_c20131111
_lUCH01
_h1420
650 1 4 _aHorticultura
_xTabasco.
_956371
650 1 4 _aHorticultura
_xYucatán.
_956375
650 1 4 _aHuertos familiares.
_956726
700 0 _aMariaca Méndez, Ramón.
_971356
901 _aBK
942 _cLIBRO
942 _n0
999 _c104312
_d104312